Statistics for German Sights by Picture

Click here to take the quiz!

General Stats

  • This quiz has been taken 42 times
  • The average score is 10 of 20

Answer Stats

Answer% Correct
Brandenburg Gate
94%
{Black} Forest
94%
{Neuschwanstein} Castle
86%
City of {Cologne}
86%
Checkpoint Charlie
86%
{Oktoberfest} (festival)
81%
Reichstag
75%
Zugspitze
64%
Victory Column
53%
Alexanderplatz
50%
Elbphilharmonie
47%
Frauenkirche
44%
Signal Iduna Park
33%
St. Michael's Church
31%
Heligoland
31%
{Mainau} (island)
25%
Sächsische Schweiz
25%
Loreley
19%
Walhalla
14%
Herrenchiemsee
8%

Score Distribution

Percentile by Number Answered

Percent of People with Each Score

Your Score History

You have not taken this quiz